000 00364nam a2200157Ia 4500
003 OSt
005 20240129152435.0
008 170524s9999 xx 000 0 und d
020 _a978-0199499045
040 _cIIMT UNIVERSITY
100 _aPANDA.T.SAHADEV
100 _c2010
245 0 _aSALES AND DISTRIBUTION MANAGEMENT
260 _aOXFORD
942 _2ddc
_c02
999 _c2432
_d2432